Statistics for Cuba A-Z

Click here to take the quiz!

General Stats

  • This quiz has been taken 313 times
  • The average score is 13 of 25

Answer Stats

HintAnswer% Correct
HCapital cityHavana
97%
PCurrency of CubaPeso
92%
GU.S. naval base in CubaGuantánamo Bay
89%
KU.S. president during the Cuban Missile CrisisKennedy
89%
OU.S. president who restored diplomatic relations with Cuba in 2015Obama
89%
CFirst European to visit CubaChristopher Columbus
86%
AMajor island group it is part ofAntilles
78%
ICuban War of ____________Independence
74%
MCocktail made from rum, lime, and mintMojito
74%
UCountry that has an island chain right south of CubaUnited Kingdom
70%
BDictator overthrown in 1959Fulgencio Batista
59%
RMost common last nameRodríguez
56%
SCuba was seized to the United States after this warSpanish-American War
54%
LSpanish name of HLa Habana
42%
FStrait connecting the Gulf of Mexico to the Atlantic OceanFlorida Strait
41%
EMiami Sound Machine singer whose family fled CubaGloria Estefan
38%
DFirst name of the Latin band leader and husband of Lucille Ball, ArnazDesi
35%
WAlternative name for the islands of the Caribbean Sea, including CubaWest Indies
34%
TMost famous cabaret and nightclubTropicana
33%
QThe Yucatán Channel separates Cuba from this Mexican state{Quintana} Roo
32%
NMovement Cuba joined, and even chaired, despite its close alliance
with the Soviet Union
{Non}-{Aligned} Movement
21%
JSecond-largest islandJuventud
15%
VProvince whose capital is Santa Clara{Villa} Clara
11%
YFirst name of MMA boxer and former wrestler RomeroYoel
6%
ZAnother name for the bee hummingbird, world's smallest bird.
It is native to Cuba
Zunzuncito
2%

Score Distribution

Percentile by Number Answered

Percent of People with Each Score

Your Score History

You have not taken this quiz